Fruta prohibida: una aproximación histórico-teorética al estudio del derecho y del estado

সংরক্ষণ করুন:
গ্রন্থ-পঞ্জীর বিবরন
প্রধান লেখক: Capella, Juan-Ramón (autor)
বিন্যাস: গ্রন্থ
ভাষা:স্প্যানিশ
প্রকাশিত: Madrid, España: Trotta, 1997
সংস্করন:Primera edición
মালা:Colección Estructuras y Procesos, Serie Derecho
বিষয়গুলি:
অনলাইন ব্যবহার করুন:tabla de contenidos 1
ট্যাগগুলো: ট্যাগ যুক্ত করুন
কোনো ট্যাগ নেই, প্রথমজন হিসাবে ট্যাগ করুন!

MARC

LEADER 00000nam a2200000 a 4500
001 UCO3848
003 CL-VaPUC
005 20250320165516.0
008 000728e19970000SP |||||||||||||||||spa|d
999 |c 289977  |d 289975 
020 |a 848164188X 
040 |c Pontificia Universidad Católica de Valparaíso 
082 0 4 |a 340.115 CAP 1997  |2 21 
100 1 |a Capella, Juan-Ramón  |e autor  |9 897299 
245 1 0 |a Fruta prohibida: una aproximación histórico-teorética al estudio del derecho y del estado 
250 |a Primera edición 
260 |a Madrid, España:  |b Trotta,  |c 1997 
300 |a 296 páginas 
490 0 |a Colección Estructuras y Procesos, Serie Derecho 
583 |a last modification  |c 20111213 09:13:49  |k Rodrigo Vera 
650 7 |a Derecho contemporáneo   |9 447830 
650 0 |a Estado y derecho  |9 255403 
650 7 |a Historia del derecho  |y Siglo 20  |9 870843 
650 7 |a Relaciones jurídicas  |9 431598 
650 7 |a Poder y derecho  |9 897300 
650 0 |a Relaciones sociales  |9 376480 
856 7 |f UCO3848_02.jpg  |u http://opac.pucv.cl/pucv_img/Img-3500/UCO3848_02.jpg  |q JEPG  |2 file  |z tabla de contenidos 1 
942 |c BK  |2 ddc 
945 |d 20000728 00:00:00  |a vberengu 
952 |0 0  |1 0  |4 0  |6 340_115000000000000_CAP_1997  |7 0  |8 A  |9 339000  |a BIBDER  |b BIBDER  |d 2019-11-20  |i 4672917  |o 340.115 CAP 1997  |p 4672917  |r 2023-01-25  |w 2019-11-20  |y BK  |k DER 
952 |0 0  |1 0  |4 0  |6 340_115000000000000_CAP_1997  |7 0  |8 A  |9 339001  |a BIBDER  |b BIBDER  |d 2019-11-20  |i 4672925  |l 2  |o 340.115 CAP 1997  |p 4672925  |r 2023-01-25  |s 2022-06-02  |w 2019-11-20  |y BK  |k DER 
952 |0 0  |1 0  |4 0  |6 340_115000000000000_CAP_1997  |7 0  |8 A  |9 339002  |a BIBDER  |b BIBDER  |d 2019-11-20  |i 4672933  |o 340.115 CAP 1997  |p 4672933  |r 2023-01-25  |w 2019-11-20  |y BK  |k DER 
952 |0 0  |1 0  |4 0  |6 340_115000000000000_CAP_1997  |7 0  |8 A  |9 339003  |a BIBDER  |b BIBDER  |d 2019-11-20  |i 4672941  |o 340.115 CAP 1997  |p 4672941  |r 2023-01-25  |w 2019-11-20  |y BK  |k DER 
952 |0 0  |1 0  |4 0  |6 340_115000000000000_CAP_1997  |7 0  |8 A  |9 339004  |a BIBDER  |b BIBDER  |d 2019-11-20  |i 467295K  |l 2  |m 2  |o 340.115 CAP 1997  |p 467295K  |q 2025-12-31  |r 2021-10-16  |s 2021-10-16  |w 2019-11-20  |y BK  |k DER 
952 |0 0  |1 0  |4 0  |6 340_115000000000000_CAP_1997  |7 0  |8 A  |9 339005  |a BIBDER  |b BIBDER  |d 2019-11-20  |i 4672968  |o 340.115 CAP 1997  |p 4672968  |r 2023-01-25  |w 2019-11-20  |y BK  |k DER